Giáo trình giải tích. t.I, phép tính vi phân của hàm một biến và nhiều biến /

Enregistré dans:
Détails bibliographiques
Auteur principal: Trần Đức Long
Autres auteurs: Hoàng Quốc Toàn, Nguyễn Đình Sang
Format: Sách giấy
Langue:Vietnamese
Publié: H : Đại học Quốc gia, 2001
Édition:In lần thứ ba
Sujets:
Tags: Ajouter un tag
Pas de tags, Soyez le premier à ajouter un tag!
Thư viện lưu trữ: Thư viện Trường Đại học Đà Lạt
LEADER 00956nam a2200349 4500
001 DLU050030837
005 ##20050113
040 # # |a DLU  |b vie 
041 # # |a vie 
044 # # |a vn 
082 # # |a 515  |b TR-L 
100 # # |a Trần Đức Long 
245 # # |a Giáo trình giải tích.  |n t.I,  |p phép tính vi phân của hàm một biến và nhiều biến /  |c Trần Đức Long, Nguyễn Đình Sang, Hoàng Quốc Toàn 
250 # # |a In lần thứ ba 
260 # # |a H :  |b Đại học Quốc gia,  |c 2001 
300 # # |a 235 tr. ;  |c 21 cm 
653 # # |a Giáo trình 
653 # # |a Giải tích toán học 
653 # # |a Phép tính vi phân 
700 # # |a Hoàng Quốc Toàn 
700 # # |a Nguyễn Đình Sang 
923 # # |a 42/2004 
990 # # |a t.I 
992 # # |a 17800 
994 # # |a DLU 
900 # # |a True 
911 # # |a Đào Thị Thu Huyền 
925 # # |a G 
926 # # |a A 
927 # # |a SH 
980 # # |a Thư viện Trường Đại học Đà Lạt